| 000 | 00597nam a2200181 i 4500 | ||
|---|---|---|---|
| 001 | 60810 | ||
| 003 | ES-MaACL | ||
| 005 | 20230906164317.0 | ||
| 007 | t| | ||
| 008 | 031106s1973 sp ||||1| spa d | ||
| 100 | 1 |
_aEstrada Saladich, F. _948227 |
|
| 245 | 1 | 0 |
_a50 años de empresario a pecho descubierto _b: mis memorias / _cFélix Estrada Saladich. |
| 260 |
_a[Barcelona] : _bQuiris, _c[1973] |
||
| 300 |
_a134 p., 8 lám. ; _c18 cm. |
||
| 505 | 8 | _aContiene: V.I: Libertad y aprendizaje | |
| 740 | 0 | _aCincuenta años de empresario a pecho descubierto. | |
| 852 |
_aES-MaACL _jC-54143 _bR.86768 |
||
| 999 |
_c60810 _d60810 |
||